| 000 | 01180nac a22003251i 4500 | ||
|---|---|---|---|
| 003 | EG-ScBUE | ||
| 005 | 20250729100446.0 | ||
| 008 | 100325t2014 caua f 001 0 eng d | ||
| 020 | _a978128505621 | ||
| 020 | _a1285056248 | ||
| 040 |
_aEG-ScBUE _beng _erda _cEG-ScBUE _dEG-ScBUE |
||
| 082 | 0 | 4 |
_a543 _bSKO _222 |
| 100 | 1 |
_aSkoog, Douglas A., _eauthor. |
|
| 245 | 1 | 0 |
_aFundamentals of analytical chemistry / _cDouglas A. Skoog, Stanford University [and three others] |
| 246 | 3 | 4 | _aSkoog and West's fundamentals of analytical chemistry |
| 250 | _aNinth edition. | ||
| 250 | _aInternational edition. | ||
| 264 | 1 |
_aBelmont, CA : _bThomson-Brooks/Cole, _c[2014] |
|
| 264 | 1 | _ac2014 | |
| 300 |
_a958 pages : _billustrations (some color) ; _c27 cm |
||
| 336 |
_2rdacontent _atext _btxt |
||
| 337 |
_aunmediated _2rdamedia _bn |
||
| 338 |
_avolume _bnc _2rdacarrier |
||
| 500 | _aIncludes index. | ||
| 538 | _aSystem requirements for accompanying computer disc: Windows 98, NT 4, ME, 2000 or Macintosh OS 8.5.1 or higher, Pentium Class or Power Mac. | ||
| 650 | 7 |
_aChemistry, Analytic. _2BUEsh _913137 |
|
| 653 | _cOctober2013 | ||
| 655 | _vReading book | ||
| 942 |
_cBB _2ddc |
||
| 999 |
_c17706 _d17678 |
||